| 000 | 00868nam a22002177a 4500 | ||
|---|---|---|---|
| 999 |
_c2095 _d2095 |
||
| 003 | AR-CdUCM | ||
| 008 | 190301b ||||| |||| 00| 0 spa d | ||
| 040 |
_aMUNICIPALIDAD PROVINCIAL DEL CUSCO _cBIBLIOTECA MUNICIPAL DEL CUSCO |
||
| 082 |
_a301.16 / _bG39 |
||
| 100 |
_aGerace, Frank _97577 |
||
| 245 |
_aComunicación Horizontal : _bCambios de estructuras y movilización social / |
||
| 260 |
_aLima : _bLibreria Studium, _c1973. |
||
| 300 |
_a137 paginas ; _c17 cm. |
||
| 505 | _aContenido: Hacia una tercera comunicación -- Comunicación e información -- Participación y comunicación -- Una experiencia de vidéo tape en barriadas --Cerebro comunitario ... | ||
| 650 |
_aGrupos sociales _97578 |
||
| 650 |
_aAspectos sociales _9262 |
||
| 650 |
_aComunicación _94985 |
||
| 700 |
_aLázaro, Hernando (colaborador) _97579 |
||
| 942 |
_2ddc _cLIBROS |
||
| 945 | _arum | ||